Statistics for South American Flags

Click here to take the quiz!

General Stats

  • This quiz has been taken 237 times
  • The average score is 11 of 12

Answer Stats

Answer% Correct
Brazil
100%
Argentina
98%
Chile
94%
Uruguay
94%
Colombia
93%
Peru
90%
Venezuela
89%
Ecuador
85%
Paraguay
85%
Suriname
82%
Bolivia
78%
Guyana
78%

Score Distribution

Percentile by Number Answered

Percent of People with Each Score

Your Score History

You have not taken this quiz